Maqsood-Ul-Momineen (Record no. 9375)

MARC details
000 -LEADER
fixed length control field 00660nam a2200265 a 4500
020 ## - INTERNATIONAL STANDARD BOOK NUMBER
ISBN
082 00 - DEWEY DECIMAL CLASSIFICATION NUMBER
Classification number 297.409
Author Cutter MAS
100 ## - MAIN ENTRY--AUTHOR NAME
Author name Masoodi, Mir Wali Khan
245 ## - TITLE STATEMENT
Title Maqsood-Ul-Momineen
260 ## - PUBLICATION, DISTRIBUTION, ETC. (IMPRINT)
Place of publication Islamabad
Name of publisher Idara-I-Tahqeeqat-I-Islami
Year of publication 1975
300 ## - PHYSICAL DESCRIPTION
Number of Pages 374p
500 ## - GENERAL NOTE
General note includes index and biblioraphy
505 2# - FORMATTED CONTENTS NOTE
Formatted contents note Index
650 ## - SUBJECT ADDED ENTRY--TOPICAL TERM
Topical Term Mysticism-Critique
650 ## - SUBJECT ADDED ENTRY--TOPICAL TERM
Topical Term Tasavvuf-Critique
650 ## - SUBJECT ADDED ENTRY--TOPICAL TERM
Topical Term Bayazid Ansari
942 ## - ADDED ENTRY ELEMENTS (KOHA)
Koha item type Books
700 1# -
-- Masoodi, Mir Wali Khan
Holdings
Collection code Home library Current library Date acquired Cost, normal purchase price Full call number Accession Number Koha item type
  Henry Martyn Institute Library Henry Martyn Institute Library 11/25/2011 100.00 297.409 MAS 014688 Books
                   Copyright © 2026 | Henry Martyn Institute | Hyderabad | TS-500052 | INDIA | Implemented by hmi.edu.in
Hit-Count:

Powered by Koha